000 00895nam a2200253Ia 4500
001 10760
003 GE_BSU
008 181216s||||||||xx |||||||||||||| ||und||
020 _a9789941416590
040 _cGE_BSU
080 _a81'0+81'24+81'342
100 _aქვრივიშვილი,ოთარ
245 _aენის არქაული ძირები
245 _b[ენის წარმოშობა;ბგერები]
245 _cრედ:ივანე შატბერაშვილი.
260 _aთბილისი
260 _bნეკერი
260 _c2010
300 _a203გვ;21სმ.
300 _bშენიშვნები:გვ.202-203.
541 _h6ლ.
653 _aენის არქაული ძირები:[ენის წარმოშობა;ბგერები]
942 _cBK
999 _c44010
_d44010